Statistics for FIFA 15 Best 50 Players

Click here to take the quiz!

General Stats

  • This quiz has been taken 2,625 times
    (1,705 since last reset)
  • The average score is 35 of 50

Answer Stats

HintAnswer% Correct
barcelonamessi
100%
realronaldo
100%
bayernneuer
93%
barcelonaneymar
93%
psgzlatan
93%
bayernrobben
91%
barcelonainiesta
90%
barcelonasuarez
89%
bayernribery
87%
bayernlewandowski
86%
citydavid silva
83%
psgthiago silva
83%
barcelonaxavi
83%
cityaguero
82%
chelseahazard
82%
realramos
82%
unitedrooney
81%
realbale
80%
bayernlahm
79%
realmodric
78%
dortmundreus
77%
realkroos
75%
realbenzema
74%
bayernmuller
74%
bayernboateng
73%
dortmundhummels
71%
arsenalözil
70%
unitedvan persie
68%
psgcavani
67%
uniteddi maria
64%
citykompany
64%
arsenalsanchez
63%
juventuschiellini
61%
bayernschweinsteiger
60%
citytoure
60%
chelseacosta
59%
tottenhamlloris
58%
barcelonabusquets
57%
chelseacourtois
55%
unitedfalcao
53%
bayerngötze
52%
juventuspirlo
50%
juventustevez
50%
realjames
49%
juventusvidal
47%
chelseacech
46%
chelseafabregas
46%
bayernxabi alonso
45%
unitedmata
44%
bayernjavi martinez
32%

Score Distribution

Percentile by Number Answered

Percent of People with Each Score

Your Score History

You have not taken this quiz since the last reset